[Event "Challenge"]
[Site "http://www.queenalice.com/game.php?id=654912"]
[Date "2009.9.19"]
[Round "-"]
[White "LuizFerreira"]
[Black "viniciusmdc"]
[Result "0-1"]
[WhiteElo "1345"]
[BlackElo "2078"]

1. b4 e5 2. a3 d5 3. e3 Nf6 4. Bb5+ c6 5. Ba4 Bd6 6. Qf3 Bg4 7. Qg3 e4 8. f4
exf3 9. Qf2 fxg2 10. Qxg2 O-O 11. h3 Bf5 12. Ra2 Ne4 13. Qf1 Qh4+ 14. Ke2 Ng3+
15. Kf2 Nxh1+ 16. Kg2 Qg3+ 17. Kxh1 Qh2# 0-1

[Event "Let's Play Chess!"]
[Site "http://www.queenalice.com/game.php?id=655230"]
[Date "2009.9.20"]
[Round "-"]
[White "viniciusmdc"]
[Black "spin"]
[Result "1-0"]
[WhiteElo "2055"]
[BlackElo "1788"]

1. e4 Nf6 2. e5 Nd5 3. c4 Nb6 4. d4 d5 5. c5 Nc4 6. Nf3 Bg4 7. h3 Bxf3 8. Qxf3
Nc6 9. b3 N4a5 10. e6 fxe6 11. Bb5 g6 12. Bd2 a6 13. Ba4 Bg7 14. Bxa5 Bxd4 15.
Bxc6+ bxc6 16. Bc3 Bxc3+ 17. Qxc3 d4 18. Qd3 Qd5 19. O-O Qxc5 20. Nd2 a5 21.
Rac1 Qd6 22. Ne4 Qd5 23. Rc5 Qd7 24. Rfc1 a4 25. Rxc6 axb3 26. axb3 O-O 27. Rxc7
Qd8 28. Ng5 Rf6 29. Qc4 Qd6 30. Ne4 Qf4 31. Nxf6+ Qxf6 32. Rd1 Kg7 33. Qxd4 e5
34. Qc5 Re8 35. Rd6 Qf5 36. Rd8 Rxd8 37. Qxe7+ Kh6 38. Qh4+ Qh5 39. Qxd8 e4 40.
Qf8+ Kg5 41. Rc5+ Kh4 42. Qf4+ Qg4 43. Qxg4# 1-0

[Event "Let's Play Chess!"]
[Site "http://www.queenalice.com/game.php?id=659321"]
[Date "2009.9.28"]
[Round "-"]
[White "Frpo055"]
[Black "viniciusmdc"]
[Result "1-0"]
[WhiteElo "1729"]
[BlackElo "2127"]

1. e4 c5 2. Nf3 d6 3. d4 cxd4 4. Nxd4 Nf6 5. Nc3 a6 6. Be2 e5 7. Nb3 Be6 8. Be3
Be7 9. O-O O-O 10. Qd2 a5 11. a4 Na6 12. f3 Nb4 13. Nb5 Bxb3 14. cxb3 d5 15.
exd5 Nfxd5 16. Bf2 Bg5 17. Qd1 Ne3 18. Qxd8 Rfxd8 19. Bxe3 Bxe3+ 20. Kh1 Rd2 21.
Bc4 Rad8 22. Nc3 Kf8 23. Rad1 f5 24. Rxd2 Rxd2 25. Rd1 Rxb2 26. Nd5 Nxd5 27.
Bxd5 b6 28. Bc4 Ke7 29. h3 Bf4 30. Kg1 h5 31. Kf1 Be3 32. Rd5 Rf2+ 33. Ke1 Kf6
34. Bf1 Rb2 35. Rd3 Bf2+ 36. Kd1 Rb1+ 37. Ke2 Bg3 38. f4 Bxf4 39. g3 e4 40. Rc3
Be5 41. Rc6+ Kg5 42. h4+ 1-0

[Event "Let's Play Chess!"]
[Site "http://www.queenalice.com/game.php?id=663536"]
[Date "2009.10.6"]
[Round "-"]
[White "viniciusmdc"]
[Black "Lesser"]
[Result "1-0"]
[WhiteElo "2065"]
[BlackElo "1899"]

1. e4 e5 2. Nf3 Nc6 3. Bb5 Qf6 4. O-O a6 5. Bc4 Bc5 6. Nc3 Nge7 7. Nd5 Nxd5 8.
exd5 Na5 9. d4 Nxc4 10. dxc5 O-O 11. Qd3 Na5 12. Re1 d6 13. Bg5 Qf5 14. cxd6
Qxd3 15. cxd3 cxd6 16. Be7 Re8 17. Bxd6 f6 18. b4 Bg4 19. bxa5 Bxf3 20. gxf3
Rad8 21. Bc7 Rxd5 22. Re3 Rc8 23. Bb6 f5 24. Rae1 f4 25. Rxe5 Rxd3 26. Re7 Rxf3
27. Rxb7 Rfc3 28. Ree7 f3 29. h4 R3c4 30. Rxg7+ Kh8 31. Rxh7+ Kg8 32. Rbg7+ Kf8
33. Bc7 Rc1+ 34. Kh2 R1xc7 35. Rxc7 1-0

[Event "Challenge #01"]
[Site "http://www.queenalice.com/game.php?id=663560"]
[Date "2009.10.6"]
[Round "-"]
[White "Aylton"]
[Black "viniciusmdc"]
[Result "0-1"]
[WhiteElo "1873"]
[BlackElo "2078"]

1. d4 Nf6 2. Nf3 g6 3. e3 Bg7 4. c4 c5 5. Nc3 cxd4 6. exd4 O-O 7. h3 d5 8. Be3
Nc6 9. a3 Bf5 10. Bd3 dxc4 11. Bxc4 Rc8 12. Be2 Nd5 13. Nxd5 Qxd5 14. Qd2 Rfd8
15. Rd1 e5 16. dxe5 Qe4 17. Qc3 Rxd1+ 18. Bxd1 Nxe5 19. Qd2 Nc4 20. Qe2 Qd5 21.
Bc1 Bd3 22. Qe7 Qa5+ 23. b4 Bc3+ 24. Bd2 Qxa3 25. Qd7 Rc6 26. Qxd3 Bxd2+ 27.
Qxd2 Nxd2 28. Nxd2 Re6+ 29. Kf1 Qd3+ 0-1

[Event "Challenge #02"]
[Site "http://www.queenalice.com/game.php?id=663561"]
[Date "2009.10.6"]
[Round "-"]
[White "viniciusmdc"]
[Black "Aylton"]
[Result "1-0"]
[WhiteElo "2106"]
[BlackElo "1873"]

1. e4 c5 2. Nf3 Nc6 3. d4 cxd4 4. Nxd4 e5 5. Nb5 d6 6. Bc4 a6 7. N5c3 Be6 8. Nd5
Bxd5 9. Bxd5 Nge7 10. Nc3 Nxd5 11. Nxd5 Be7 12. O-O O-O 13. Qh5 g6 14. Qh3 f5
15. Qb3 Kg7 16. Qxb7 Rc8 17. exf5 Rxf5 18. Qxa6 Nd4 19. Nxe7 Qxe7 20. Qxc8 Ne2+
21. Kh1 Qh4 22. Be3 1-0

[Event "Challenge #03"]
[Site "http://www.queenalice.com/game.php?id=663648"]
[Date "2009.10.6"]
[Round "-"]
[White "Aylton"]
[Black "viniciusmdc"]
[Result "0-1"]
[WhiteElo "1979"]
[BlackElo "2038"]

1. d4 Nf6 2. Nf3 g6 3. e3 d5 4. c4 c6 5. a3 Bg7 6. Nc3 O-O 7. h3 Nbd7 8. Be2 Nb6
9. c5 Nbd7 10. b4 e5 11. dxe5 Ne4 12. Bb2 Nxe5 13. Nxe4 Nxf3+ 14. gxf3 Bxb2 15.
Ra2 Be5 16. Ng3 Qh4 17. f4 Bg7 18. Bg4 f5 19. Bf3 Be6 20. Re2 d4 21. exd4 Bc4
22. Re3 Rfe8 23. Qd2 Kf8 24. Rxe8+ Rxe8+ 25. Ne2 Bxe2 26. Bxe2 Re4 27. Kf1 Rxf4
28. Bd1 Qg3 29. Rg1 Qxh3+ 30. Rg2 Rxd4 31. Qc2 f4 32. f3 Rd7 0-1

[Event "Challenge #04"]
[Site "http://www.queenalice.com/game.php?id=663649"]
[Date "2009.10.6"]
[Round "-"]
[White "viniciusmdc"]
[Black "Aylton"]
[Result "1/2-1/2"]
[WhiteElo "2069"]
[BlackElo "1894"]

1. e4 e6 2. d4 d5 3. Nd2 dxe4 4. Nxe4 Nf6 5. Bg5 Be7 6. Bxf6 Bxf6 7. Nf3 Nc6 8.
c3 O-O 9. Bd3 a6 10. Nxf6+ Qxf6 11. Qc2 h6 12. Qe2 Bd7 13. Qe4 g6 14. O-O Qg7
15. Qf4 Rac8 16. Be4 f5 17. Bxc6 Bxc6 18. Ne5 Be8 19. Rfe1 g5 20. Qd2 Bf7 21.
Qe2 Rfe8 22. Rad1 Rcd8 23. Qf3 c6 24. a3 Qf8 25. b4 Kg7 26. a4 Qe7 27. a5 Qd6
28. Rd2 Qd5 29. Qh3 Bg6 30. f4 Rh8 31. Qg3 1/2-1/2

[Event "Let's Play Chess!"]
[Site "http://www.queenalice.com/game.php?id=664026"]
[Date "2009.10.7"]
[Round "-"]
[White "miltonlovisk"]
[Black "viniciusmdc"]
[Result "0-1"]
[WhiteElo "1100"]
[BlackElo "2069"]

1. e4 e5 2. Nf3 Nc6 3. Bc4 Nf6 4. d3 Bc5 5. c3 a6 6. Bg5 O-O 7. Bd5 Be7 8. Bxc6
bxc6 9. Nxe5 Nxe4 10. Bxe7 Qxe7 11. Nxc6 dxc6 12. dxe4 Qxe4+ 13. Qe2 Qxg2 14.
Rf1 Bg4 15. Qc4 Rad8 0-1

[Event "Challenge"]
[Site "http://www.queenalice.com/game.php?id=666301"]
[Date "2009.10.12"]
[Round "-"]
[White "viniciusmdc"]
[Black "Frpo055"]
[Result "0-1"]
[WhiteElo "2091"]
[BlackElo "1791"]

1. e4 e5 2. Nf3 Nc6 3. Bb5 a6 4. Ba4 Nf6 5. O-O b5 6. Bb3 Be7 7. Re1 O-O 8. c3
d6 9. h3 Na5 10. Bc2 c5 11. d4 Qc7 12. Nbd2 cxd4 13. cxd4 Bb7 14. d5 Rac8 15.
Bb1 Ba8 16. Nf1 b4 17. Bd3 Bb7 18. Bd2 Qb6 19. b3 Rfd8 20. a3 Rc3 21. Bxc3 bxc3
22. b4 Rc8 23. bxa5 Qxa5 24. Qb3 Ba8 25. Rac1 Nd7 26. Qb4 Qc7 27. Bxa6 Nc5 0-1

[Event "Challenge #05"]
[Site "http://www.queenalice.com/game.php?id=667229"]
[Date "2009.10.14"]
[Round "-"]
[White "Aylton"]
[Black "viniciusmdc"]
[Result "0-1"]
[WhiteElo "1985"]
[BlackElo "2104"]

1. f4 d5 2. Nf3 Bf5 3. d3 Nf6 4. h3 e6 5. e3 Bc5 6. Be2 Nc6 7. O-O O-O 8. a3 d4
9. exd4 Nxd4 10. Nxd4 Bxd4+ 11. Kh2 Nd5 12. c4 Ne3 13. Bxe3 Bxe3 14. Nc3 Qd4 15.
g3 Rfd8 16. Qb3 Qf6 17. Qxb7 Rab8 18. Qf3 Rxb2 19. Qxe3 Qxc3 20. Rfc1 Qxd3 0-1

[Event "Challenge #06"]
[Site "http://www.queenalice.com/game.php?id=667230"]
[Date "2009.10.14"]
[Round "-"]
[White "viniciusmdc"]
[Black "Aylton"]
[Result "0-1"]
[WhiteElo "2056"]
[BlackElo "2012"]

1. d4 d5 2. c4 e6 3. Nc3 Nf6 4. Bg5 Nbd7 5. Nf3 c6 6. e3 Bb4 7. a3 Bxc3+ 8. bxc3
Qa5 9. Qb3 h6 10. Bxf6 Nxf6 11. Bd3 O-O 12. O-O dxc4 13. Qxc4 Bd7 14. Rfb1 b5
15. Qb4 Qc7 16. Ne5 a5 17. Qe7 Rae8 18. Qc5 Qc8 19. a4 bxa4 20. Rxa4 Qc7 21.
Rxa5 Rb8 22. Raa1 Rxb1+ 23. Rxb1 Rc8 24. e4 Be8 25. Nc4 Nd7 0-1

[Event "Let's Play Chess!"]
[Site "http://www.queenalice.com/game.php?id=668057"]
[Date "2009.10.16"]
[Round "-"]
[White "viniciusmdc"]
[Black "rhsatrhs"]
[Result "1-0"]
[WhiteElo "2081"]
[BlackElo "2055"]

1. d4 Nf6 2. c4 g6 3. Nc3 Bg7 4. e4 O-O 5. f3 c6 6. Be3 d5 7. e5 Nfd7 8. cxd5
cxd5 9. Nxd5 Qa5+ 10. Nc3 Nc6 11. a3 Qc7 12. f4 Nb6 13. d5 Rd8 14. Qf3 Na5 15.
Rc1 a6 16. d6 1-0

[Event "Let's Play Chess!"]
[Site "http://www.queenalice.com/game.php?id=668474"]
[Date "2009.10.17"]
[Round "-"]
[White "viniciusmdc"]
[Black "Larbac"]
[Result "0-1"]
[WhiteElo "2035"]
[BlackElo "2005"]

1. e4 c5 2. c3 Nf6 3. e5 Nd5 4. d4 e6 5. Nf3 a6 6. c4 Ne7 7. dxc5 Qa5+ 8. Bd2
Qxc5 9. Nc3 Ng6 10. Ne4 Qc7 11. Bc3 Nc6 12. Nd6+ Bxd6 13. exd6 Qd8 14. Bxg7 Rg8
15. Bc3 b6 16. h4 Bb7 17. Ng5 Nce5 18. Nxh7 f6 0-1

[Event "Let's Play Chess!"]
[Site "http://www.queenalice.com/game.php?id=669750"]
[Date "2009.10.20"]
[Round "-"]
[White "viniciusmdc"]
[Black "elshafei"]
[Result "0-1"]
[WhiteElo "2120"]
[BlackElo "1995"]

1. e4 e5 2. Nf3 d6 3. d4 exd4 4. Nxd4 Be6 5. Nxe6 fxe6 6. Qh5+ g6 7. Qb5+ Nd7 8.
Qxb7 Ngf6 9. Qc6 Bg7 10. e5 Nd5 11. exd6 O-O 12. dxc7 Nxc7 0-1